000 00359nam a2200133 i 4500
001 bg
100 1 _aJezierski, Andrzej
_d(1930-2002).
245 0 _aProblemy rozwoju gospodarczego ziem polskich w XIX i XX wieku /
_cA. Jezierski.
260 _aWarszawa,
_c1984.
040 _cBPK
041 _apol
942 _cKS
008 s pl f |000 0 pol
999 _c22834
_d22834
856 _uhttp://koha.tu.koszalin.pl/cgi-bin/koha/opac-detail.pl?biblionumber=22834
_yKatalog online BPK